000 01005nam a2200241 a 4500
001 000014305
003 DO-SdBNP
005 20250512125213.0
008 091209s1989 dr d 000 0 spa d
040 _aDO-SdBNP
_bspa
_cBNPHU
082 4 _a330.97293
_bI34s
245 0 0 _aImpacto del sector privado en la economía dominicana /
_cpresentación, José Báez Guerrero.
260 _aSanto Domingo :
_bFundación Economia y Desarrollo : Acción Empresarial Santo Domingo,
_c1989.
300 _a259 p. :
_bil., diagr. ;
_c23 cm.
590 _aInventariado, 2018/ YL
651 4 _aRepública Dominicana
_xCondiciones económicas
_932263
_y1961-
651 4 _aRepública Dominicana
_xPolítica económica
_9643
700 1 _aBáez Guerrero, José,
_d1958-
_917125
710 2 _a Fundación Economía y Desarrollo (Santo Domingo, República Dominicana)
_987751
710 1 _aAcción Empresarial (Santo Domingo, República Dominicana)
_987752
910 _aValidado. Control de calidad MFF
942 _2ddc
_cLBS1
999 _c13901
_d13901